Implementing of policy deployment

Na minha lista:
Detalhes bibliográficos
Autor principal: Kellner, Christian
Formato: Capítulo de Livro
Idioma:alemão
Tags: Adicionar Tag
Sem tags, seja o primeiro a adicionar uma tag!

MARC

LEADER 00000nla$a2200000$$$4500
001 0108982
005 20240502072213.3
041 0 |a ger 
044 |a SK 
245 1 0 |a Implementing of policy deployment  |c Christian Kellner 
100 1 |a Kellner, Christian